Complete Manual for IIM Integrated Programme in Management/ (Record no. 200676)

MARC details
000 -LEADER
fixed length control field 00666nam a22001937a 4500
005 - DATE AND TIME OF LATEST TRANSACTION
control field 20240212144552.0
010 ## - LCCN (DPL NO)
LC control number ENG-139187
020 ## - INTERNATIONAL STANDARD BOOK NUMBER
Terms of availability 750.00
International Standard Book Number 9789354499173
035 ## - SYSTEM CONTROL NUMBER
System control number EN-122719
037 ## - SOURCE OF ACQUISITION
Source of stock number/acquisition DBAD/PUB
082 ## - DEWEY DECIMAL CLASSIFICATION NUMBER
Classification number 000
Edition number 5
245 ## - TITLE STATEMENT
Title Complete Manual for IIM Integrated Programme in Management/
250 ## - EDITION STATEMENT
Edition statement 5
260 ## - PUBLICATION, DISTRIBUTION, ETC. (IMPRINT)
Place of publication, distribution, etc Uttar Pradesh
Name of publisher, distributor, etc Pearson India Education Pvt Ltd
Date of publication, distribution, etc 2022
270 ## - ADDRESS
City Uttar Pradesh
Address 15th FLoor, Tower-B, World Trade Tower, Plot No.1, Block- C, Sector-16, Noida
Postal code 201301
300 ## - PHYSICAL DESCRIPTION
Extent \vpp.
Dimensions 25cm(pb)
Other physical details Index
500 ## - GENERAL NOTE
General note Also Useful for Major BBA Entrance Examinations
942 ## - ADDED ENTRY ELEMENTS (KOHA)
Source of classification or shelving scheme Dewey Decimal Classification
Item type English Books
Classification part 000
Call number suffix IIM
Edition 5
Holdings
Withdrawn status Lost status Not for loan Collection code Home library Current library Date acquired Source of acquisition Cost, normal purchase price Full call number Barcode Copy number Cost, replacement price Koha item type
      Non-fiction Tri Nagar Tri Nagar 12/02/2024 DBAD/PUB 750.00 000 IIM EN-122719 1 750.00 English Books

© Delhi Public Library
Hit Counter
free hit counter